| 000 | 00509cam a2200193ua 4500 | ||
|---|---|---|---|
| 001 | 904 | ||
| 005 | 20260515113236.0 | ||
| 008 | 110423n ii |||gr||||Z||||||eng | ||
| 040 | _cMAIN | ||
| 082 | _a320.934 | ||
| 245 | 1 |
_aState and government in ancient India. _cBy A. S. Altekar. |
|
| 250 | _a3rd. | ||
| 260 |
_aDelhi.: _bMotilal banarsidass. |
||
| 300 |
_av, 407 p.: _c25 cm. |
||
| 653 | _aPolitical science. | ||
| 653 | _aState and government in ancient India. | ||
| 700 | _aAltekar, A. S., | ||
| 942 | _cBK | ||
| 999 |
_c827 _d827 |
||